000
00303nam a22001337a 4500
008
180111b xxu||||| |||| 00| 0 eng d
020
_a
9780737000283
041
_a
eng
080
_a
941
100
_a
19
101
_a
HIS
245
_a
Turning Point of the Civil War
_c
Mc Pherson, J
942
_2
udc
_c
BK
999
_c
40085
_d
40085